000 00781nam a22001337a 4500
040 _cRUA
082 _aVEM PIC 2021 B1-602 Or.
100 _aPICH SOKUN,ពេជ្រ សុគន្ធ
245 _aUSING OF BETEL NUT (ARECA NUT) SEEDS ON GASTROINTESTINAL PARASITES OF CHICKEN AT KAMBOUL COMMUNE,KAMBOUL DISTRICT,PHNOM PENH,ការប្រើប្រាស់ស្លាលើបរាសិតក្នុងប្រដាប់រំលាយអាហារមាន់នៅសង្កាត់កំបូល ខណ្ឌកំបូល រាជធានីភ្នំពេញ
260 _aphnom penh
_brua
_c2021
300 _aviii.29p.
_bill.
_c29cm.
856 _uhttps://drive.google.com/file/d/1-syd8RXmzEPQl7o6YbBQUoihWtZUroX4/view?usp=sharing
942 _cVEM
999 _c21677
_d21677